000 00704nam a22002417a 4500
001 31600
003 UA-OsUOA
005 20250113110146.0
007 ta
008 20041224b un ||||| |||| 00| 0 ukr d
040 _aUA-OsUOA
_bukr
_cUA-OsUOA
_dUA-OsUOA
041 _aukr
044 _aUA
080 _a94(4)"0375/1492"
090 _a94(4)"0375/1492"
_bХ91
245 _aХрестоматія з історії середніх віків
_cупоряд. Г. І. Підлуцький
260 _aКиїв
_bРадянська школа
_c1972
300 _a144 с.
650 7 _2UDC
942 _cBK
_2udc
955 _a0
999 _c318029
_d318029